000
00246nam a2200097Ia 4500
001
1055695
005
20250827001347.0
008
250824s9999 xx 000 0 und d
245
0
_a
KENDİNİ ARAMAK
_c
İHSAN FAZLIOĞLU
260
_b
KETEBE YAYINLARI
999
_c
1055695
_d
1055695